=LDR 00000nam 2200000 4500 =001 INLIS000000000038287 =005 20130612143947 =008 ***********************************Ind** =035 ##$$0010-061300000038287 =041 ##$$a Ind =082 ##$$a 641.8 =090 ##$$a 641.8, Pri y =100 ##$$a Priyatni, Dewi =245 ##$$a Yummu =260 ##$$a 2009 $b Jakarta =300 ##$$a 44 hlm, Ilus, 18 cm =650 ##$$a Hidangan Tambahan(Macaroni) =850 ##$$a NBPNMAT